| 000 | 00985nam a2200325 i 4500 | ||
|---|---|---|---|
| 001 | 18541 | ||
| 003 | ES-MaACL | ||
| 005 | 20250825062716.0 | ||
| 007 | t| | ||
| 008 | 020129s1991 sp ||||0| spa d | ||
| 016 | 7 | _zCHM930011462 | |
| 020 | _a84-7880-077-8 | ||
| 040 |
_aM-BN _bspa _cCHM |
||
| 080 | _a929 Guerra, Alfonso | ||
| 100 | 1 |
_aMiralles, Melchor. _981488 |
|
| 245 | 1 | 0 |
_aAlfonso Guerra _b: el conspirador / _cMelchor Miralles y Francisco J. Satué. |
| 250 | _a[2ª ed.]. | ||
| 260 |
_aMadrid : _bTemas de hoy, _c1991. |
||
| 300 |
_a623, 8 p. de lam ; _c22 cm. |
||
| 490 | 1 |
_aColección Hombres de hoy ; _v22 |
|
| 500 | _aIndice. | ||
| 504 | _aBibliografía : p. 609-613. | ||
| 600 | 1 | 4 |
_aGuerra, Alfonso, _d1940- _960479 |
| 655 | 0 |
_aBiografías _9176647 |
|
| 700 | 1 |
_aSatué, Francisco Javier. _9103950 |
|
| 830 | 0 |
_aColección Hombres de hoy ; _v22 _9228811 |
|
| 852 |
_aES-MaACL _jG-1883 _bR.131059 |
||
| 942 | _2udc | ||
| 999 |
_c18541 _d18541 |
||